| 000 | 01598nam a2200349 a 4500 | ||
|---|---|---|---|
| 001 | ebr10297856 | ||
| 003 | CaPaEBR | ||
| 006 | m u | ||
| 007 | cr cn||||||||| | ||
| 008 | 090717s2008 enka sb 001 0 eng d | ||
| 020 | _z9780470996140 (PB) | ||
| 020 | _z9780470694411 | ||
| 020 | _z9780470751213 (Ernst & Young personnel only) | ||
| 040 |
_aCaPaEBR _cCaPaEBR |
||
| 035 | _a(OCoLC)608624207 | ||
| 050 | 1 | 4 |
_aHF5626 _b.I5838 2008eb |
| 245 | 0 | 0 |
_aInternational GAAP 2008 _h[electronic resource] : _bgenerally accepted accounting practice under international financial reporting standards / _cMike Bonham ... [et al.]. |
| 246 | 3 | _aInternational financial reporting standards | |
| 246 | 3 | 0 | _aGenerally accepted accounting practice under International financial reporting standards |
| 260 |
_aChichester, West Sussex, England : _bJ. Wiley & Sons, _c2008. |
||
| 300 |
_a2 v. in 1 (cvii, 2912, 140 p.) : _bill. |
||
| 504 | _aIncludes bibliographical references and indexes. | ||
| 533 |
_aElectronic reproduction. _bPalo Alto, Calif. : _cebrary, _d2013. _nAvailable via World Wide Web. _nAccess may be limited to ebrary affiliated libraries. |
||
| 630 | 0 | 0 | _aInternational financial reporting standards. |
| 650 | 0 |
_aAccounting _xStandards. |
|
| 650 | 0 | _aFinancial statements. | |
| 655 | 7 |
_aElectronic books. _2local |
|
| 700 | 1 | _aBonham, Mike. | |
| 710 | 2 |
_aErnst & Young. _bInternational Financial Reporting Group. |
|
| 710 | 2 | _aebrary, Inc. | |
| 856 | 4 | 0 |
_uhttp://site.ebrary.com/lib/rucke/Doc?id=10297856 _zAn electronic book accessible through the World Wide Web; click to view |
| 999 |
_c64334 _d64334 |
||